| 000 | 00354nam a22001457a 4500 | ||
|---|---|---|---|
| 020 | _a978-93-5009-340-5 | ||
| 082 |
_a920 _bBAI/C |
||
| 100 | _aBAILEY, GERRY | ||
| 100 | _aFOSTER, KAREN | ||
| 245 |
_aCRISTOPHER COLUMBUS _bEXPLORER OF THE NEW WORLD |
||
| 260 |
_aGURGAON _bHACHETTE INDIA _c2012 |
||
| 300 | _a36 | ||
| 650 |
_aBIOGRAPHY _zINDIA |
||
| 942 | _cBK | ||
| 999 |
_c5848 _d5848 |
||